| 000 | 00453cam a2200145 4500 | ||
|---|---|---|---|
| 001 | J110125 | ||
| 008 | 000000n1984 000 0 eng u | ||
| 035 | _a(Sirsi) u110125 | ||
| 110 |
_aIncorporated Society of Valuers and Auctioneers _91201 |
||
| 245 | _aProfessional assessment. | ||
| 260 |
_aLondon _bISVA _c1984 |
||
| 300 | _a28cm. ; 21cm. | ||
| 650 | _aABOUT RICS-RELATED ORGANISATIONS-INCORPORATED SOCIETY OF VALUERS AND AUCTIONEERS | ||
| 942 | _n0 | ||
| 999 |
_c101055 _d101055 |
||